000 00723cam a2200265Ka 4500
999 _c1325
_d1325
001 575255
003 OSt
005 20180911090650.0
008 990824s2000 waua 000 0 eng d
020 _a1577700066
035 _a(OCoLC)ocm42217767
035 _a(OCoLC)ocm42217767
040 _aUOK
_cUOK
049 _aPTSS
082 _a234.1
_bK37J
090 _aBT732.5
_b.K46 2000
092 _a234.131 KENYON 1997
100 1 _aKenyon, Essek William,
_d1867-1948.
245 1 0 _aJesus the healer /
_cE.W. Kenyon.
250 _a[26th ed. (printing)]
260 _aLynnwood, Wash. :
_bKenyon's Gospel Pub. Society,
_cc1995.
300 _a88 p. :
_bill. ;
_c21 cm.
650 0 _aSpiritual healing.
942 _2ddc
_cBK